| 000 | 00626nam a22002057a 4500 | ||
|---|---|---|---|
| 999 |
_c10186 _d10186 |
||
| 003 | AR-CdUCM | ||
| 008 | 190329b ||||| |||| 00| 0 spa d | ||
| 020 | _a978-84-683-0934-7 | ||
| 040 |
_aMUNICIPALIDAD PROVINCIAL DEL CUSCO _cBIBLIOTECA MUNICIPAL DEL CUSCO |
||
| 041 | _hspa | ||
| 082 |
_aES / 803 / P66 _bP66 |
||
| 100 |
_aPlaza, José María _926893 |
||
| 245 | _aEl tablero del fin del mundo / | ||
| 260 |
_aBarcelona : _bEdebé, _c2014. |
||
| 300 |
_a262 páginas ; _bIlustraciones. _c21 cm. |
||
| 650 |
_aLiteratura infantil _9588 |
||
| 650 |
_aSiglo XXI _92856 |
||
| 942 |
_2ddc _cLIBROS |
||
| 945 |
_apjha _d2019-05-14 |
||